[Event "World Blitz Championship"]
[Site "Doha QAT"]
[Date "2016.12.30"]
[Round "16.4"]
[White "Alexander Grischuk"]
[Black "Daniil Dubov"]
[Result "1/2-1/2"]
[EventDate "2016.12.29"]
[WhiteElo "2737"]
[BlackElo "2660"]
[PlyCount "33"]

1. e4 g6 2. d4 Bg7 3. Nc3 d6 4. Be3 a6 5. Qd2 b5 6. f3 Nf6 7. O-O-O Nbd7 8. Bh6 Bxh6 9. Qxh6 b4 10. Nce2 e5 11. dxe5 dxe5 12. Kb1 Qe7 13. Nc1 Qf8 14. Qh4 Qe7 15. Qh6 Qf8 16. Qe3 Qc5 17. Qh6 1/2-1/2

[Event "World Blitz Championship"]
[Site "Doha QAT"]
[Date "2016.12.30"]
[Round "17.5"]
[White "Daniil Dubov"]
[Black "Peter Leko"]
[Result "1/2-1/2"]
[EventDate "2016.12.29"]
[WhiteElo "2660"]
[BlackElo "2693"]
[PlyCount "29"]

1. c4 c5 2. Nf3 Nf6 3. d4 cxd4 4. Nxd4 e6 5. Nc3 d5 6. cxd5 Nxd5 7. Bd2 Be7 8. g3 Nf6 9. Nb3 Bd7 10. Bg2 Bc6 11. e4 O-O 12. O-O Na6 13. Qe2 Nc5 14. Nxc5 Bxc5 15. Be3 1/2-1/2

[Event "World Blitz Championship"]
[Site "Doha QAT"]
[Date "2016.12.30"]
[Round "18.5"]
[White "A R Saleh Salem"]
[Black "Daniil Dubov"]
[Result "0-1"]
[EventDate "2016.12.29"]
[WhiteElo "2656"]
[BlackElo "2660"]
[PlyCount "98"]

1. d4 e6 2. e4 d5 3. Nc3 Bb4 4. e5 c5 5. a3 Ba5 6. b4 cxd4 7. Qg4 Kf8 8. bxa5 dxc3 9. Nf3 Nc6 10. Bd3 Nge7 11. h4 Qxa5 12. h5 h6 13. Rh3 Nf5 14. Qf4 Bd7 15. g4 Nfe7 16. g5 Nf5 17. gxh6 Nxh6 18. Rg3 Qd8 19. a4 a5 20. Ba3+ Nb4 21. Bxb4+ axb4 22. Qxb4+ Qe7 23. Qxb7 Rxa4 24. Rxa4 Bxa4 25. Qb8+ Be8 26. Nd4 Ng8 27. Be2 g5 28. Rxc3 Nh6 29. Nc6 Qd7 30. Bb5 Kg7 31. Rg3 g4 32. Qb6 Qc8 33. Rc3 Bxc6 34. Bxc6 Qd8 35. Qd4 Qg5 36. Rg3 Rc8 37. Ba4 Rc4 38. Qa1 Re4+ 39. Kf1 Nf5 40. Rg2 Nh4 41. Rg3 Nf5 42. Rg2 Rf4 43. Kg1 Nh4 44. Rg3 Nf3+ 45. Kg2 Qxe5 46. Qa3 Nh4+ 47. Kf1 Nf5 48. Rg2 Ne3+ 49. Kg1 Nxg2 0-1

[Event "World Blitz Championship"]
[Site "Doha QAT"]
[Date "2016.12.30"]
[Round "19.4"]
[White "Daniil Dubov"]
[Black "Anton Korobov"]
[Result "1/2-1/2"]
[EventDate "2016.12.29"]
[WhiteElo "2660"]
[BlackElo "2692"]
[PlyCount "78"]

1. c4 e5 2. Nc3 Nf6 3. Nf3 Nc6 4. g3 d5 5. cxd5 Nxd5 6. Bg2 Nb6 7. O-O Be7 8. a3 O-O 9. b4 Be6 10. d3 a5 11. b5 Nd4 12. Bb2 Nb3 13. Rb1 f6 14. Nd2 Nxd2 15. Qxd2 Nc4 16. Qc2 Nxb2 17. Qxb2 Rb8 18. Rfd1 b6 19. d4 exd4 20. Ne4 f5 21. Rxd4 Qe8 22. Nc3 Bc5 23. Rdd1 Qe7 24. a4 f4 25. Ne4 Bb4 26. Rd4 Rbd8 27. Rbd1 Rxd4 28. Rxd4 Kh8 29. Qc2 h6 30. Bf3 Qf7 31. Qc6 fxg3 32. hxg3 Bf5 33. Rc4 Be6 34. Rd4 Bf5 35. Kg2 Qe7 36. Rc4 Rf7 37. Bh5 Rf8 38. Bf3 Rf7 39. Bh5 Rf8 1/2-1/2

[Event "World Blitz Championship"]
[Site "Doha QAT"]
[Date "2016.12.30"]
[Round "20.5"]
[White "Ian Nepomniachtchi"]
[Black "Daniil Dubov"]
[Result "1/2-1/2"]
[EventDate "2016.12.29"]
[WhiteElo "2767"]
[BlackElo "2660"]
[PlyCount "68"]

1. e4 c5 2. Nf3 e6 3. d4 cxd4 4. Nxd4 Nf6 5. Nc3 Nc6 6. Ndb5 d6 7. Bf4 e5 8. Bg5 a6 9. Na3 b5 10. Nd5 Be7 11. Bxf6 Bxf6 12. c4 b4 13. Nc2 O-O 14. g3 Rb8 15. Qd3 Be6 16. Bg2 b3 17. axb3 Bxd5 18. cxd5 Nb4 19. Nxb4 Rxb4 20. Rxa6 Qb8 21. O-O Rxb3 22. Qc4 Rxb2 23. Qc6 Rd8 24. h4 h5 25. Bf3 g6 26. Kg2 Qb4 27. Qc7 Kg7 28. Rc6 Rd2 29. Rb6 Qa3 30. Rb7 Rf8 31. Ra7 Qb4 32. Rb7 Qa3 33. Qc1 Qa2 34. Qc7 Qa3 1/2-1/2

[Event "World Blitz Championship"]
[Site "Doha QAT"]
[Date "2016.12.30"]
[Round "21.6"]
[White "Daniil Dubov"]
[Black "Radoslaw Wojtaszek"]
[Result "1-0"]
[EventDate "2016.12.29"]
[WhiteElo "2660"]
[BlackElo "2749"]
[PlyCount "87"]

1. c4 Nf6 2. Nc3 e5 3. Nf3 Nc6 4. g3 Bb4 5. Bg2 O-O 6. O-O d6 7. d3 Re8 8. Nd5 Nxd5 9. cxd5 Ne7 10. Nd2 c6 11. dxc6 Nxc6 12. a3 Bxd2 13. Bxd2 d5 14. Rc1 Be6 15. b4 Qd7 16. e3 a6 17. Rc5 Rac8 18. b5 Ne7 19. Rxc8 Rxc8 20. bxa6 bxa6 21. Qa1 f6 22. Rc1 Bh3 23. Rxc8+ Qxc8 24. Bxh3 Qxh3 25. Bb4 Nc6 26. Qa2 Qd7 27. e4 Nd4 28. Bc3 Nb5 29. Bd2 h5 30. exd5 h4 31. Be3 Nc3 32. Qc4 Nxd5 33. gxh4 Kh7 34. Qe4+ Kg8 35. h5 Nxe3 36. fxe3 Qd6 37. a4 Qa3 38. h6 Qc1+ 39. Kg2 gxh6 40. Qg6+ Kf8 41. Qxh6+ Kf7 42. Qh5+ Ke6 43. Qg4+ Ke7 44. Qb4+ 1-0

[Event "World Blitz Championship"]
[Site "Doha QAT"]
[Date "2016.12.29"]
[Round "1.21"]
[White "Daniil Dubov"]
[Black "Stelios Halkias"]
[Result "1-0"]
[EventDate "2016.12.29"]
[WhiteElo "2660"]
[BlackElo "2585"]
[PlyCount "59"]

1. c4 c5 2. Nf3 Nc6 3. d4 cxd4 4. Nxd4 Nf6 5. Nc3 e6 6. g3 Qb6 7. Nb3 Ne5 8. Bg2 Nxc4 9. O-O Be7 10. e4 d6 11. Qe2 Ne5 12. Be3 Qd8 13. h3 O-O 14. f4 Nc6 15. Rfd1 Bd7 16. g4 h6 17. Rac1 Qb8 18. h4 e5 19. f5 Nh7 20. g5 hxg5 21. Nd5 gxh4 22. Rxc6 bxc6 23. Nxe7+ Kh8 24. Qh5 Qd8 25. Ng6+ Kg8 26. Nxf8 Qxf8 27. Qxh4 Rb8 28. Bf3 a5 29. Rd2 a4 30. Rh2 1-0

[Event "World Blitz Championship"]
[Site "Doha QAT"]
[Date "2016.12.29"]
[Round "2.12"]
[White "Alan Pichot"]
[Black "Daniil Dubov"]
[Result "1/2-1/2"]
[EventDate "2016.12.29"]
[WhiteElo "2544"]
[BlackElo "2660"]
[PlyCount "109"]

1. e4 g6 2. d4 Bg7 3. Nc3 d6 4. Be3 a6 5. Qd2 b5 6. h4 Nf6 7. f3 h5 8. Nh3 Bxh3 9. Rxh3 Nbd7 10. a4 b4 11. Nd1 c5 12. c3 bxc3 13. Nxc3 cxd4 14. Bxd4 O-O 15. a5 Rb8 16. Bxa6 Ra8 17. Qd3 Qc7 18. b4 Rfb8 19. Bb5 Rc8 20. Rc1 d5 21. Ne2 Qd6 22. Bxd7 Rxc1+ 23. Nxc1 Nxd7 24. Bxg7 Kxg7 25. Qxd5 Qxb4+ 26. Kf2 Ra7 27. Ne2 Nf6 28. Qd4 Qxa5 29. Rh1 Rd7 30. Qc3 Qb6+ 31. Qe3 Qb2 32. Qc3 Qb6+ 33. Qe3 Qa6 34. Rc1 e5 35. Qc5 Rd2 36. Qe3 Qa2 37. Kf1 Qb2 38. Rc7 Nd7 39. Qc3 Rd1+ 40. Kf2 Qb6+ 41. Kg3 Qd6 42. Rc6 Qe7 43. Qe3 Re1 44. Qd2 Rh1 45. Qg5 Nf6 46. Nc3 Re1 47. Nd5 Nxd5 48. exd5 Qxg5+ 49. hxg5 Rd1 50. d6 Rd5 51. Kf2 f6 52. Rc7+ Kf8 53. gxf6 Rxd6 54. Re7 Rxf6 55. Rxe5 1/2-1/2

[Event "World Blitz Championship"]
[Site "Doha QAT"]
[Date "2016.12.29"]
[Round "3.13"]
[White "Daniil Dubov"]
[Black "David Anton Guijarro"]
[Result "1-0"]
[EventDate "2016.12.29"]
[WhiteElo "2660"]
[BlackElo "2650"]
[PlyCount "89"]

1. c4 Nf6 2. Nc3 e6 3. e4 d5 4. e5 d4 5. exf6 dxc3 6. bxc3 Qxf6 7. d4 b6 8. Be2 Bb7 9. Bf3 Bxf3 10. Nxf3 Nd7 11. Qa4 Bd6 12. Bg5 Qf5 13. O-O f6 14. Bh4 Rd8 15. Rfe1 Kf7 16. Bg3 Bxg3 17. hxg3 Nb8 18. Qxa7 Rd7 19. Qa4 g5 20. Re3 g4 21. Nh4 Qg5 22. Rae1 Re7 23. f4 gxf3 24. Nxf3 Qg4 25. Qd1 Qg6 26. Rf1 Kg7 27. d5 Rhe8 28. Nd4 Kh8 29. Nxe6 Nd7 30. Qf3 Nc5 31. Qxf6+ Qxf6 32. Rxf6 Nxe6 33. Rfxe6 Rxe6 34. Rxe6 Rxe6 35. dxe6 Kg7 36. c5 Kf6 37. cxb6 cxb6 38. Kf2 Kxe6 39. Ke3 Kd5 40. Kd3 h5 41. c4+ Kd6 42. Kd4 Kc6 43. a4 Kd6 44. c5+ bxc5+ 45. Kc4 1-0

[Event "World Blitz Championship"]
[Site "Doha QAT"]
[Date "2016.12.29"]
[Round "4.5"]
[White "Evgeny Tomashevsky"]
[Black "Daniil Dubov"]
[Result "0-1"]
[EventDate "2016.12.29"]
[WhiteElo "2716"]
[BlackElo "2660"]
[PlyCount "62"]

1. c4 b6 2. e4 Bb7 3. Nc3 e5 4. g3 Nc6 5. Bg2 Bc5 6. Nge2 Nge7 7. Na4 O-O 8. Nxc5 bxc5 9. O-O d6 10. d3 Rb8 11. f4 f5 12. Nc3 exf4 13. Bxf4 Nd4 14. Qd2 Qd7 15. Rf2 Ng6 16. Be3 Ne5 17. Raf1 Ng4 18. Rf4 g5 19. Rxg4 fxg4 20. Rxf8+ Rxf8 21. Bxg5 Nf3+ 22. Bxf3 Rxf3 23. Nd1 Qg7 24. Be3 h5 25. b3 h4 26. Nf2 hxg3 27. hxg3 Rxg3+ 28. Kf1 Qa1+ 29. Ke2 Rg1 30. Nd1 Rg2+ 31. Bf2 Qf6 0-1

[Event "World Blitz Championship"]
[Site "Doha QAT"]
[Date "2016.12.29"]
[Round "5.3"]
[White "Daniil Dubov"]
[Black "Leinier Dominguez Perez"]
[Result "1-0"]
[EventDate "2016.12.29"]
[WhiteElo "2660"]
[BlackElo "2739"]
[PlyCount "69"]

1. c4 e6 2. Nc3 d5 3. d4 Be7 4. cxd5 exd5 5. Bf4 c6 6. e3 Bf5 7. Nge2 Nd7 8. h4 Ngf6 9. Ng3 Be6 10. Bd3 O-O 11. Nf5 Bxf5 12. Bxf5 Nb6 13. Qc2 Nc4 14. h5 h6 15. Bd3 Nd6 16. O-O-O b5 17. Kb1 a5 18. g4 Nd7 19. g5 hxg5 20. h6 g6 21. Bxd6 Bxd6 22. Bxg6 Qf6 23. Bf5 Nb6 24. Rdg1 Kh8 25. f4 Rg8 26. Bh7 Nc4 27. Bxg8 Rxg8 28. fxg5 Rxg5 29. Rxg5 Qxg5 30. Qf2 Nxe3 31. Qxf7 Qf5+ 32. Qxf5 Nxf5 33. Ne2 Kh7 34. Rf1 Nxh6 35. Rf6 1-0

[Event "World Blitz Championship"]
[Site "Doha QAT"]
[Date "2016.12.29"]
[Round "6.3"]
[White "Yu Yangyi"]
[Black "Daniil Dubov"]
[Result "0-1"]
[EventDate "2016.12.29"]
[WhiteElo "2729"]
[BlackElo "2660"]
[PlyCount "106"]

1. e4 d6 2. d4 Nf6 3. Nc3 g6 4. Nf3 Bg7 5. Be2 O-O 6. O-O a6 7. a4 Nc6 8. d5 Nb4 9. Bg5 e6 10. Qd2 exd5 11. exd5 Re8 12. a5 Bf5 13. Nd4 Bd7 14. Bf3 Re5 15. Bf4 Re7 16. Rfe1 Rxe1+ 17. Rxe1 Qf8 18. Bg5 Re8 19. Rxe8 Nxe8 20. Nce2 c5 21. dxc6 Nxc6 22. b4 h6 23. Be3 Qe7 24. h3 Kh7 25. Nxc6 Bxc6 26. Bxc6 bxc6 27. c4 Nf6 28. Qc2 d5 29. Bc5 Qb7 30. cxd5 Nxd5 31. Qc4 Qb5 32. Qxb5 cxb5 33. Kf1 f5 34. Ke1 Kg8 35. Kd2 Kf7 36. Kd3 Ke6 37. g3 Kd7 38. f3 Bb2 39. Kc2 Bf6 40. Kd3 Be7 41. Bxe7 Kxe7 42. Kd4 Kd6 43. Nc1 Nxb4 44. Nb3 Nc6+ 45. Kd3 Kd5 46. h4 Ne5+ 47. Ke3 Kc4 48. Nd2+ Kc3 49. Nb1+ Kb2 50. Kd4 Nxf3+ 51. Kc5 Kxb1 52. Kb6 b4 53. Kxa6 b3 0-1

[Event "World Blitz Championship"]
[Site "Doha QAT"]
[Date "2016.12.29"]
[Round "7.2"]
[White "Daniil Dubov"]
[Black "Sergey Karjakin"]
[Result "1/2-1/2"]
[EventDate "2016.12.29"]
[WhiteElo "2660"]
[BlackElo "2785"]
[PlyCount "59"]

1. d4 Nf6 2. c4 e6 3. g3 Bb4+ 4. Bd2 Be7 5. Bg2 d5 6. Nf3 O-O 7. O-O c6 8. Bf4 dxc4 9. Ne5 Nd5 10. Nxc4 Nxf4 11. gxf4 Nd7 12. e3 Nb6 13. Ne5 f6 14. Nd3 Nd5 15. Nc3 b6 16. Qb3 Kh8 17. Rad1 Bb7 18. Rfe1 Rb8 19. e4 Nc7 20. Ne2 Qe8 21. f5 exf5 22. e5 Rd8 23. Nef4 Qd7 24. exf6 Bxf6 25. Ne5 Bxe5 26. dxe5 Qe7 27. Qh3 Kg8 28. Qb3+ Kh8 29. Qh3 Kg8 30. Qb3+ 1/2-1/2

[Event "World Blitz Championship"]
[Site "Doha QAT"]
[Date "2016.12.29"]
[Round "8.1"]
[White "Magnus Carlsen"]
[Black "Daniil Dubov"]
[Result "1-0"]
[EventDate "2016.12.29"]
[WhiteElo "2840"]
[BlackElo "2660"]
[PlyCount "89"]

1. d4 Nf6 2. Nf3 e6 3. Bg5 h6 4. Bh4 d5 5. e3 Be7 6. Nbd2 Nbd7 7. Bd3 b6 8. O-O Bb7 9. a4 a6 10. c3 Ne4 11. Bxe7 Qxe7 12. Qc2 Nxd2 13. Nxd2 e5 14. a5 O-O 15. axb6 e4 16. Be2 cxb6 17. c4 dxc4 18. Nxc4 Bd5 19. Qd2 Rfc8 20. Rfc1 Rc7 21. h3 Kh7 22. Na3 Rxc1+ 23. Rxc1 b5 24. Qa5 Nf6 25. Rc5 Qd6 26. Nc2 Qd8 27. Qxd8 Rxd8 28. Nb4 Bb7 29. Kh2 Kg8 30. Bg4 Rd6 31. Rc7 Rb6 32. Bc8 Bxc8 33. Rxc8+ Kh7 34. Ra8 Rb7 35. Nxa6 Nd5 36. Rd8 Nb6 37. Nc5 Ra7 38. b3 Na8 39. Nxe4 Ra2 40. Kg3 Kg6 41. Rd7 f6 42. Rb7 f5 43. Nc5 Ra5 44. b4 Ra2 45. Nd3 1-0

[Event "World Blitz Championship"]
[Site "Doha QAT"]
[Date "2016.12.29"]
[Round "9.4"]
[White "Daniil Dubov"]
[Black "Marin Bosiocic"]
[Result "0-1"]
[EventDate "2016.12.29"]
[WhiteElo "2660"]
[BlackElo "2591"]
[PlyCount "132"]

1. c4 e6 2. Nc3 d5 3. d4 c6 4. Nf3 dxc4 5. a4 Bb4 6. g3 c5 7. Bg2 Nc6 8. Be3 Nge7 9. dxc5 Qxd1+ 10. Rxd1 Nf5 11. Bf4 f6 12. O-O Bxc3 13. bxc3 e5 14. Bc1 Be6 15. Nd2 O-O-O 16. Bh3 Nfd4 17. Bxe6+ Nxe6 18. Ba3 Na5 19. Bb4 Nb3 20. Nxc4 Nbxc5 21. Rb1 Rd7 22. Ba3 Nxa4 23. Rfc1 Rhd8 24. Kg2 Kb8 25. Rb5 Rc8 26. Rb4 Nac5 27. Ne3 Ka8 28. c4 Rd2 29. Rb2 Rxb2 30. Bxb2 Rd8 31. Nd5 b6 32. f4 exf4 33. gxf4 Ne4 34. Rc2 Kb7 35. f5 N6c5 36. Kf3 Nd6 37. Ne3 Nde4 38. Nd5 Nd6 39. Ne3 Re8 40. Rc1 a5 41. Ba3 Kc6 42. Rg1 Re7 43. Nd5 Rb7 44. Ne3 Rd7 45. h4 Ndb7 46. h5 h6 47. Rg6 a4 48. Bb2 Na5 49. Bc3 a3 50. Rg1 Nab3 51. Nd5 b5 52. Nb4+ Kb6 53. Nd5+ Kb7 54. Ne3 a2 55. cxb5 Kb6 56. Bb2 Kxb5 57. Nd1 Rd2 58. Nc3+ Kc6 59. Ba1 Rc2 60. Ne4 Nxe4 61. Kxe4 Rc1 62. Rxc1+ Nxc1 63. Bb2 Nb3 64. Kd3 a1=Q 65. Bxa1 Nxa1 66. e4 Kd6 0-1

[Event "World Blitz Championship"]
[Site "Doha QAT"]
[Date "2016.12.29"]
[Round "10.10"]
[White "Viswanathan Anand"]
[Black "Daniil Dubov"]
[Result "0-1"]
[EventDate "2016.12.29"]
[WhiteElo "2779"]
[BlackElo "2660"]
[PlyCount "86"]

1. e4 g6 2. d4 Bg7 3. Nc3 d6 4. f4 Nf6 5. Nf3 O-O 6. Bd3 Nc6 7. e5 dxe5 8. fxe5 Nh5 9. Be3 f6 10. exf6 exf6 11. O-O Kh8 12. Qd2 Bg4 13. Be4 Na5 14. Bd3 Bxf3 15. Rxf3 f5 16. d5 Nf6 17. Be2 b6 18. Ba6 c6 19. dxc6 Qxd2 20. Bxd2 Nxc6 21. Bb7 Rad8 22. Rd1 Nd4 23. Rd3 Nxc2 24. Bg5 Rxd3 25. Rxd3 Ne4 26. Bxe4 fxe4 27. Nxe4 h6 28. Bd2 Bd4+ 29. Rxd4 Nxd4 30. Bc3 Rd8 31. Kf2 Kg8 32. Nf6+ Kf7 33. Ng4 Nb5 34. Nxh6+ Ke6 35. Be1 Nd6 36. Ng4 Nc4 37. b3 Ne5 38. Nxe5 Kxe5 39. Ke2 Ke4 40. h4 Rd3 41. g4 Rh3 42. h5 gxh5 43. gxh5 Rxh5 0-1

[Event "World Blitz Championship"]
[Site "Doha QAT"]
[Date "2016.12.29"]
[Round "11.5"]
[White "Daniil Dubov"]
[Black "Baadur Aleksandrovich Jobava"]
[Result "1-0"]
[EventDate "2016.12.29"]
[WhiteElo "2660"]
[BlackElo "2702"]
[PlyCount "41"]

1. c4 Nf6 2. Nc3 e6 3. e4 d5 4. e5 d4 5. exf6 dxc3 6. bxc3 Qxf6 7. d4 b6 8. Be2 Bb7 9. Bf3 Bxf3 10. Nxf3 Bd6 11. Qa4+ c6 12. O-O O-O 13. Rb1 Rc8 14. c5 bxc5 15. dxc5 Bxc5 16. Rb7 a5 17. Ng5 Ra7 18. Ne4 Qe5 19. Nxc5 Qxc5 20. Be3 Qxe3 21. Rxb8 1-0

[Event "World Rapid Championship"]
[Site "Doha QAT"]
[Date "2016.12.28"]
[Round "11.19"]
[White "Daniil Dubov"]
[Black "David Howell"]
[Result "0-1"]
[EventDate "2016.12.26"]
[WhiteElo "2660"]
[BlackElo "2644"]
[PlyCount "96"]

1. c4 g6 2. d4 Nf6 3. Nc3 d5 4. cxd5 Nxd5 5. e4 Nxc3 6. bxc3 Bg7 7. Nf3 c5 8. Bb5+ Nc6 9. Rb1 O-O 10. d5 Ne5 11. O-O Nxf3+ 12. Qxf3 f5 13. e5 Bxe5 14. Re1 Qd6 15. Bh6 a6 16. Bf1 b5 17. h4 Bd7 18. h5 c4 19. Re2 Qf6 20. hxg6 hxg6 21. Rbe1 Bd6 22. Bf4 Rf7 23. g3 Rd8 24. Bg2 g5 25. Be5 Qh6 26. Bxd6 exd6 27. Re6 Bxe6 28. dxe6 Re7 29. Qxf5 Rf8 30. Qg4 Qf6 31. Re2 Qf5 32. Qd4 Qd3 33. Qg4 Qf5 34. Qd4 Qd3 35. Qg4 Qxc3 36. Qxg5+ Qg7 37. Qh4 Qa1+ 38. Bf1 Qf6 39. Qg4+ Rg7 40. Qe4 d5 41. Qxd5 Rxg3+ 42. Bg2 Rg5 43. Qe4 Qe7 44. Rd2 Rg7 45. Rd7 Qf6 46. e7 Qxf2+ 47. Kh1 Re8 48. Qd5+ Kh8 0-1

[Event "World Rapid Championship"]
[Site "Doha QAT"]
[Date "2016.12.28"]
[Round "13.32"]
[White "Babu M R Lalith"]
[Black "Daniil Dubov"]
[Result "1/2-1/2"]
[EventDate "2016.12.26"]
[WhiteElo "2587"]
[BlackElo "2660"]
[PlyCount "129"]

1. d4 e6 2. Nf3 Nf6 3. c4 c5 4. Nc3 cxd4 5. Nxd4 d5 6. cxd5 Nxd5 7. Bd2 Nf6 8. Nb3 Bd7 9. e4 Nc6 10. Be2 Bb4 11. O-O O-O 12. Bg5 Qb8 13. Qc2 Be7 14. Rad1 Rd8 15. f4 h6 16. Bh4 Nxe4 17. Bxe7 Nxc3 18. Bxd8 Nxd1 19. Rxd1 Qxd8 20. Nc5 Nb4 21. Qc4 Nd5 22. Nxd7 Qxd7 23. f5 Rd8 24. fxe6 Qxe6 25. Bf3 Qb6+ 26. Qd4 Nb4 27. Qxb6 Rxd1+ 28. Bxd1 axb6 29. a3 Nc6 30. Kf2 Kf8 31. Ke3 Ke7 32. Ke4 Kd6 33. Bb3 Ne5 34. h3 b5 35. Ba2 f6 36. Kf5 Ke7 37. Bd5 b6 38. b3 g6+ 39. Ke4 Kd6 40. Bg8 Nc6 41. Bf7 f5+ 42. Kf4 Ne7 43. h4 Nd5+ 44. Kf3 g5 45. hxg5 hxg5 46. b4 Ke5 47. Be8 Nc7 48. Bd7 Ne6 49. Ke3 Nd4 50. Kd3 Kd5 51. g3 Ke5 52. Be8 Kd5 53. Bf7+ Ne6 54. Be8 Nc7 55. Bd7 Ke5 56. Ke3 Nd5+ 57. Kd2 Nf6 58. Bxb5 Ne4+ 59. Ke1 Nxg3 60. a4 Kd6 61. a5 bxa5 62. bxa5 Ne4 63. Bd3 Kc5 64. Ke2 Nd6 65. Ke3 1/2-1/2

[Event "World Rapid Championship"]
[Site "Doha QAT"]
[Date "2016.12.28"]
[Round "15.29"]
[White "Wei Yi"]
[Black "Daniil Dubov"]
[Result "1/2-1/2"]
[EventDate "2016.12.26"]
[WhiteElo "2707"]
[BlackElo "2660"]
[PlyCount "25"]

1. e4 e5 2. Nf3 Nc6 3. Bb5 a6 4. Ba4 Nf6 5. O-O Be7 6. Re1 b5 7. Bb3 O-O 8. c3 d6 9. h3 Re8 10. Ng5 Rf8 11. Nf3 Re8 12. Ng5 Rf8 13. Nf3 1/2-1/2

[Event "World Rapid Championship"]
[Site "Doha QAT"]
[Date "2016.12.27"]
[Round "6.25"]
[White "Andrei Volokitin"]
[Black "Daniil Dubov"]
[Result "0-1"]
[EventDate "2016.12.26"]
[WhiteElo "2649"]
[BlackElo "2660"]
[PlyCount "60"]

1. e4 c6 2. d4 d5 3. e5 Bf5 4. Nf3 e6 5. Be2 Nd7 6. O-O Bb4 7. Nbd2 Ba5 8. Nb3 Bc7 9. Bg5 Ne7 10. Nh4 Be4 11. f3 Bg6 12. f4 Be4 13. f5 exf5 14. Nxf5 Bxf5 15. Rxf5 h6 16. Bxe7 Qxe7 17. c4 Nb6 18. Nc5 O-O 19. cxd5 Nxd5 20. Qd2 Bb6 21. Ne4 Qb4 22. Rd1 Qxd2 23. Rxd2 Rad8 24. Nd6 Rd7 25. Bc4 Ne3 26. Rxf7 Rfxf7 27. e6 Rf1+ 28. Bxf1 Rxd6 29. e7 Kf7 30. Re2 Bxd4 0-1

[Event "World Rapid Championship"]
[Site "Doha QAT"]
[Date "2016.12.27"]
[Round "7.17"]
[White "Daniil Dubov"]
[Black "Bu Xiangzhi"]
[Result "0-1"]
[EventDate "2016.12.26"]
[WhiteElo "2660"]
[BlackElo "2705"]
[PlyCount "124"]

1. e4 e5 2. Nf3 Nc6 3. Bc4 Bc5 4. c3 Nf6 5. d3 d6 6. Nbd2 a6 7. O-O O-O 8. b4 Ba7 9. Bb3 h6 10. Nc4 Be6 11. a4 b5 12. Ne3 d5 13. exd5 Nxd5 14. Nxd5 Bxd5 15. Bc2 Qf6 16. Be3 Bxe3 17. fxe3 e4 18. c4 exf3 19. cxd5 Nxb4 20. Rxf3 Qb2 21. Bb3 Nxd3 22. axb5 Nc5 23. Rb1 Qe5 24. bxa6 Rxa6 25. Bc4 Rg6 26. Qc2 Rf6 27. Qb2 Qxb2 28. Rxb2 Rd6 29. Rb5 Nd7 30. Rb7 Rc8 31. Rf1 Kf8 32. Ra7 Ne5 33. Ba2 Ke7 34. Rc1 Kd8 35. e4 Rb6 36. Rc2 Rb4 37. Re2 Rcb8 38. h3 R8b7 39. Ra8+ Ke7 40. Rc8 Kd7 41. Rg8 g6 42. Ra8 Rb2 43. Rxb2 Rxb2 44. Ra6 h5 45. d6 cxd6 46. Ra7+ Ke8 47. Bd5 h4 48. Ra8+ Ke7 49. Rh8 g5 50. Rg8 Kf6 51. Rd8 g4 52. Rxd6+ Kg5 53. hxg4 Nxg4 54. Kf1 Ne3+ 55. Kg1 Rxg2+ 56. Kh1 Rf2 57. e5 Rf1+ 58. Kh2 Ng4+ 59. Kg2 Rf2+ 60. Kg1 h3 61. Bc4 h2+ 62. Kh1 Rc2 0-1

[Event "World Rapid Championship"]
[Site "Doha QAT"]
[Date "2016.12.27"]
[Round "8.23"]
[White "Rinat Jumabayev"]
[Black "Daniil Dubov"]
[Result "1/2-1/2"]
[EventDate "2016.12.26"]
[WhiteElo "2611"]
[BlackElo "2660"]
[PlyCount "94"]

1. d4 e6 2. c4 c5 3. d5 exd5 4. cxd5 d6 5. Nc3 g6 6. g3 Bg7 7. Bg2 Ne7 8. h4 h6 9. Bf4 Nf5 10. Qd2 Nd7 11. Nf3 Ne5 12. Nxe5 dxe5 13. Be3 Nd4 14. Rc1 Bg4 15. O-O Rc8 16. Rfe1 f5 17. b4 O-O 18. bxc5 Rxc5 19. Bxh6 Qc7 20. Bxg7 Kxg7 21. e3 Nf3+ 22. Bxf3 Bxf3 23. Na4 Rxc1 24. Rxc1 Qd6 25. Nc5 Qxd5 26. Qxd5 Bxd5 27. e4 fxe4 28. Rd1 Bxa2 29. Nxb7 e3 30. fxe3 Rf3 31. Nc5 Rxg3+ 32. Kf2 Rg4 33. Rd7+ Kh6 34. Rxa7 Bd5 35. Nd7 Rg2+ 36. Kf1 Rh2 37. Nf6 Bc4+ 38. Kg1 Rxh4 39. Rh7+ Kg5 40. Rxh4 Kxh4 41. Nd7 e4 42. Ne5 Bd3 43. Nxg6+ Kg3 44. Nf4 Kf3 45. Nd5 Bc4 46. Nc3 Kxe3 47. Nxe4 Kxe4 1/2-1/2

[Event "World Rapid Championship"]
[Site "Doha QAT"]
[Date "2016.12.27"]
[Round "9.24"]
[White "Daniil Dubov"]
[Black "Mikhael Mchedlishvili"]
[Result "1-0"]
[EventDate "2016.12.26"]
[WhiteElo "2660"]
[BlackElo "2601"]
[PlyCount "73"]

1. c4 e5 2. Nc3 Nc6 3. Nf3 Nf6 4. g3 Bb4 5. Bg2 Bxc3 6. bxc3 O-O 7. O-O Re8 8. Ne1 d6 9. e4 Nd7 10. f4 exf4 11. Rxf4 a6 12. d4 b5 13. e5 Ndb8 14. Qh5 dxe5 15. Rh4 h6 16. Bxh6 g6 17. Qg5 Bb7 18. Nd3 Nd7 19. Rf1 Na5 20. Qxd8 Raxd8 21. Bxb7 Nxb7 22. Bg5 f6 23. Bxf6 Nxf6 24. Rxf6 Rd6 25. Rxd6 Nxd6 26. c5 Nc4 27. Re4 a5 28. Nxe5 b4 29. cxb4 axb4 30. Kf2 Nxe5 31. Rxe5 Ra8 32. Re2 Ra3 33. Rb2 Kf7 34. Rxb4 Rxa2+ 35. Kf3 Ke6 36. h4 Kd5 37. Kf4 1-0

[Event "World Rapid Championship"]
[Site "Doha QAT"]
[Date "2016.12.26"]
[Round "1.20"]
[White "Aryan Tari"]
[Black "Daniil Dubov"]
[Result "1-0"]
[EventDate "2016.12.26"]
[WhiteElo "2584"]
[BlackElo "2660"]
[PlyCount "103"]

1. e4 e5 2. Nf3 Nc6 3. Bb5 a6 4. Ba4 Nf6 5. O-O Be7 6. d3 b5 7. Bb3 d6 8. a4 Na5 9. Ba2 b4 10. Nbd2 O-O 11. Nc4 c5 12. c3 Nc6 13. Bg5 Rb8 14. Ne3 Be6 15. Bc4 Bxc4 16. Nxc4 Nd7 17. Bxe7 Qxe7 18. Re1 Nb6 19. Ne3 Na5 20. d4 cxd4 21. cxd4 Rfc8 22. Qd3 Nac4 23. Nf5 Qf6 24. b3 Na5 25. Rac1 Rxc1 26. Rxc1 g6 27. Ne3 Qe6 28. Nd2 Rc8 29. Rxc8+ Qxc8 30. dxe5 dxe5 31. h4 Nc6 32. Nf3 a5 33. Qb5 Qc7 34. Ng4 Kg7 35. Ngxe5 Nxe5 36. Qxe5+ Qxe5 37. Nxe5 Kf6 38. Nd3 Ke6 39. f3 f5 40. Kf2 fxe4 41. fxe4 Nd7 42. Ke3 Kd6 43. Kd4 Nf8 44. Kc4 Kc6 45. Ne5+ Kd6 46. Nf3 Ne6 47. e5+ Kc7 48. g3 Kb6 49. Kd5 Ng7 50. Nd4 Nh5 51. g4 Nf4+ 52. Kd6 1-0

[Event "World Rapid Championship"]
[Site "Doha QAT"]
[Date "2016.12.26"]
[Round "2.36"]
[White "Daniil Dubov"]
[Black "Alan Pichot"]
[Result "0-1"]
[EventDate "2016.12.26"]
[WhiteElo "2660"]
[BlackElo "2544"]
[PlyCount "123"]

1. c4 Nf6 2. Nc3 g6 3. e4 d6 4. d4 Bg7 5. f4 c5 6. d5 O-O 7. Nf3 e6 8. dxe6 fxe6 9. Be2 Nc6 10. O-O b6 11. Kh1 Bb7 12. Be3 Qd7 13. Qd2 Ne7 14. Bd3 d5 15. e5 Ng4 16. Bg1 Bh6 17. Ne2 d4 18. Qe1 Nf5 19. Bxf5 Rxf5 20. h3 Ne3 21. Bxe3 dxe3 22. Nh2 Rh5 23. Rd1 Qa4 24. b3 Qxa2 25. Rd7 Bc6 26. Rd6 Bb7 27. Ng4 Bg7 28. Kg1 Qxb3 29. Rd7 Ba6 30. Ng3 e2 31. Rf3 Qa4 32. Rfd3 Bxc4 33. Nxh5 gxh5 34. Nf6+ Bxf6 35. Qg3+ Kh8 36. exf6 Qa1+ 37. Kh2 Qxf6 38. Re3 Rg8 39. Qf2 h4 40. Re5 Bd5 41. Rdxd5 exd5 42. Rxe2 Rf8 43. f5 Qxf5 44. Qe1 Qf1 45. Qc3+ d4 46. Qd3 Qf4+ 47. Kh1 Qg3 48. Qb1 Qf4 49. Qd3 Rf7 50. Kg1 Qf1+ 51. Kh2 Kg7 52. Qc2 Qf5 53. Re4 h5 54. Qe2 Qg5 55. Kh1 Qc1+ 56. Kh2 Qg5 57. Kh1 Qg3 58. Kg1 Qg6 59. Rxh4 d3 60. Qe5+ Qf6 61. Qxh5 Kf8 62. Re4 0-1